• 首页
  • 本馆介绍
  • 公告通知
  • 最新文献
  • 馆藏检索
  • 电子资源
  • 读者导购
  • 参考咨询
  • 我的图书馆
  • 登录
  • 详细信息显示
  • 放入我的书架
  • 预约/预借图书
  • 作者相关作品
  • 分类相关作品
  • 丛书相关作品
  • 出版社相关作品

书目信息

  • 表格格式
  • 工作单格式
  • 卡片格式
题名:
汽车发动机电控系统结构检修
    
 
作者: 丁新隆 , 吴天林 , 赵金国 主编
分册:  
出版信息: 长春   吉林大学出版社  2020.11
页数: 182页
开本: 29cm
丛书名:
单 册:
中图分类: U464.03 , U472.43
科图分类:
主题词: 汽车--发动机--电气控制系统--构造--教材 , 汽车--发动机--电气控制系统--检修--教材
电子资源:
ISBN: 978-7-5677-3379-4
000 01103nam0 2200289 45
001 012001000856
005 20140912085413.0
010    @a978-7-5677-3379-4@dCNY39.80
100    @a20170504d2015 em y0chiy50 ea
101 0  @achi
102    @aCN@b220000
105    @aa z 000yy
106    @ar
200 1  @a汽车发动机电控系统结构检修@Aqi che fa dong ji dian kong xi tong jie gou jian xiu@f丁新隆,吴天林,赵金国主编
210    @a长春@c吉林大学出版社@d2020.11
215    @a182页@c图@d29cm
300    @a二十一世纪“十二五”规划教材·汽车类 任务引领、项目驱动型新教材 最新版
330    @a本书共分六个项目,内容包括:汽车发动机电控系统认知,汽油发动机电控燃油喷射系统检修,汽油发动机电控点火系统检修,汽油发动机怠速控制系统检修等。
606 0  @a汽车@x发动机@x电气控制系统@x构造@j教材
606 0  @a汽车@x发动机@x电气控制系统@x检修@j教材
690    @aU464.03@v5
690    @aU472.43@v5
701  0 @a丁新隆@Ading xin long@4主编
701  0 @a吴天林@Awu tian lin@4主编
701  0 @a赵金国@Azhao jin guo@f(1972~)@4主编
801  0 @aCN@bBJSDL@c20211011
905    @b1332292-5@dU464.03@e1024@f4
    
    汽车发动机电控系统结构检修/丁新隆,吴天林,赵金国主编.-长春:吉林大学出版社,2020.11
    182页:图;29cm
    二十一世纪“十二五”规划教材·汽车类 任务引领、项目驱动型新教材 最新版
    
    ISBN 978-7-5677-3379-4:CNY39.80
    本书共分六个项目,内容包括:汽车发动机电控系统认知,汽油发动机电控燃油喷射系统检修,汽油发动机电控点火系统检修,汽油发动机怠速控制系统检修等。
●
相关链接 在E读中查询图书 在五车中查询图书 在当当中查询图书 在豆瓣中查询图书


正题名:汽车发动机电控系统结构检修     索取号:U464.03/1024         预约/预借

序号 登录号 条形码 馆藏地/架位号 状态 备注
1 1332292   213322929   第二样本阅览室/ [索取号:U464.03/1024] 在馆    
2 1332293   213322938   第三借阅区/ [索取号:U464.03/1024] 在馆    
3 1332294   213322947   第三借阅区/ [索取号:U464.03/1024] 在馆    
4 1332295   213322956   第三借阅区/ [索取号:U464.03/1024] 在馆    
唐山师范学院图书馆 欢迎您!
大连网信软件有限公司© 版权所有